Den nya tidens arkivsystem - arkivutvecklingen under 1500-talet i Sverige
| Titel: | Den nya tidens arkivsystem - arkivutvecklingen under 1500-talet i Sverige |
|---|---|
| Verfasser: | |
| In: |
Arkiv, samhälle och forskning, Heft 1 (2005), Seite 23-49 alle Artikel anzeigen |
| Veröffentlicht: | 2005 |
| Format: | Aufsatz |
X
alg: 44193963 001A $03036:30-01-19 001B $01999:30-01-19 $t23:07:39.000 001D $03036:30-01-19 001U $0utf8 001X $00 002@ $0Aox 003@ $0441939635 007A $0441939635 $aHEB 007T $0ArchMa10397 011@ $a2005 021A $aDen @nya tidens arkivsystem - arkivutvecklingen under 1500-talet i Sverige 028A $aStrömberg $dJbld 031A $e1 $h23-49 $j2005 039B $aIn $8--Abvc--. Arkiv, samhälle och forskning. - Stockholm : Arkivsamfundet, 1980-. - ISSN 0349-0505 $x200500000000001977 $9069604827 045T $a8 $a7,22 lok: 44193963 105 exp: 44193963 105 1 #EPN 201B/01 $030-01-19 $t13:58:30.000 201C/01 $030-01-19 201U/01 $0utf8 203@/01 $01042300178 208@/01 $a13-12-18 $be 209A/01 $a/ $f106 $x00 245Z/01 $a4.11.01. $bArchivwesen Europas / Schweden / Allgemeines $x01 247C/01 $8->Marburg, Bibliographie zum Archivwesen der Archivschule Marburg $939588196X
| LEADER | 00000caa a22000002c 4500 | ||
|---|---|---|---|
| 001 | 441939635 | ||
| 003 | DE-603 | ||
| 005 | 20190130230739.0 | ||
| 007 | tu | ||
| 008 | 190130s2005 xx |||| | u00||u|und c | ||
| 035 | |a (DE-599)HEB441939635 | ||
| 040 | |a DE-603 |b ger |c DE-603 |d DE-603 | ||
| 084 | |a 8 |a 7,22 |2 ssgn | ||
| 100 | 1 | |a Strömberg, Jbld | |
| 245 | 0 | 0 | |a Den nya tidens arkivsystem - arkivutvecklingen under 1500-talet i Sverige |
| 264 | 0 | |c 2005 | |
| 773 | 0 | 8 | |i In |t Arkiv, samhälle och forskning |d Stockholm : Arkivsamfundet, 1980- |x 0349-0505 |g Heft 1 (2005), Seite 23-49 |w (DE-603)069604827 |w (DE-600)1232121-7 |
| 924 | 0 | |9 - |a (DE-603)1042300178 |b DE- |c HES |d d |g / | |